BIBLIOTECA PODER JUDICIAL
Portal Judicial TDF

El deber de seguridad en el contrato de transporte y las eximentes de responsabilidad : (Registro nro. 5344)

000 -LEADER
fixed length control field 02057nab a22002657a 4500
003 - CONTROL NUMBER IDENTIFIER
control field OSt
005 - DATE AND TIME OF LATEST TRANSACTION
control field 20250223234437.0
008 - FIXED-LENGTH DATA ELEMENTS--GENERAL INFORMATION
fixed length control field 190603e xxum|||| |||| 00| 0 spa d
040 ## - CATALOGING SOURCE
Transcribing agency PJ
100 ## - MAIN ENTRY--PERSONAL NAME
9 (RLIN) 6387
Personal name Leiva, Claudio Fabricio
245 13 - TITLE STATEMENT
Title El deber de seguridad en el contrato de transporte y las eximentes de responsabilidad :
Remainder of title el aporte de la perspectiva del derecho del consumo /
Statement of responsibility, etc Claudio Fabricio Leiva.
260 ## - PUBLICATION, DISTRIBUTION, ETC. (IMPRINT)
Date of publication, distribution, etc Ciudad Autónoma de Buenos Aires :
Place of publication, distribution, etc Thomson Reuters La Ley,
Name of publisher, distributor, etc 2023.
300 ## - PHYSICAL DESCRIPTION
Extent p. 175-184
500 ## - GENERAL NOTE
General note Cita Online: TR LALEY AR/DOC/2044/2023.
505 ## - FORMATTED CONTENTS NOTE
Formatted contents note Sumario: I. Objetivos del presente comentario.— II. La plataforma fáctica y jurídica del caso.— III. Los argumentos de la sentencia de Cámara.— IV. El impacto del microsistema de protección del consumidor: un revitalizado diálogo de fuentes en la convergencia de las normas especiales, el Cód. Civ. y Com. y la Constitución Nacional.— V. Una delimitación de la noción de deber de seguridad y su aplicación en el ámbito del derecho del consumo.— VI. La obligación de seguridad en el contrato de transporte en el régimen del Cód. Civil ya derogado y en el esquema del Cód. Civ. y Com.— VII. A modo de cierre conclusivo: el deber de seguridad en las relaciones de consumo, el principio protectorio y la interpretación restrictiva de las eximentes reforzada a través del diálogo de fuentes de las normas aplicables al caso.
505 ## - FORMATTED CONTENTS NOTE
Title Fallo comentado: CNCiv., sala A ~ 05/05/2023 ~ Brea, Gustavo c. Metrovías SA s/ daños y perjuicios.
505 ## - FORMATTED CONTENTS NOTE
Title ¿Te interesa el texto completo? Solicitalo al correo: koha@justierradelfuego.gov.ar
650 #0 - SUBJECT ADDED ENTRY--TOPICAL TERM
9 (RLIN) 1467
Topical term or geographic name as entry element RESPONSABILIDAD CIVIL
650 #0 - SUBJECT ADDED ENTRY--TOPICAL TERM
9 (RLIN) 2823
Topical term or geographic name as entry element DAÑOS Y PERJUICIOS
650 #0 - SUBJECT ADDED ENTRY--TOPICAL TERM
9 (RLIN) 2597
Topical term or geographic name as entry element DEFENSA DEL CONSUMIDOR
650 #0 - SUBJECT ADDED ENTRY--TOPICAL TERM
9 (RLIN) 4277
Topical term or geographic name as entry element ACCIDENTE FERROVIARIO
650 #0 - SUBJECT ADDED ENTRY--TOPICAL TERM
9 (RLIN) 1497
Topical term or geographic name as entry element CODIGO CIVIL Y COMERCIAL
773 0# - HOST ITEM ENTRY
Host Biblionumber 2713
Host Itemnumber 3170
Place, publisher, and date of publication Ciudad Autónoma de Buenos Aires : Thomson Reuters La Ley, 2015-
Title Revista Código Civil y Comercial. Nº 6 - Diciembre 2023
942 ## - ADDED ENTRY ELEMENTS (KOHA)
Source of classification or shelving scheme
Koha item type Analítica Artículo de Revista

No hay ítems disponibles.

12 de Octubre 789 Ushuaia - Tel:  54(02901)441571
Horario de Atención: 8.00 a 17.00 hs. 
bibliotecaush@justierradelfuego.gov.ar
koha@justierradelfuego.gov.ar
Seguinos en nuestras redes @bibliojustdf 

Con tecnología Koha